000 00624nam a2200229 a 4500
999 _c4496
_d4496
001 4496
003 BD-JhCC
005 20180716193239.0
008 171127s19601979ii a|||| || | 000 0 eng d
035 _a(BD-JhCC)4496
040 _aBD-JhCC
_dBD-JhCC
041 _aeng
082 _a620
_bTHE 1979
100 _aTheraja, B. L.
245 _aA text-book of Electrical Technology /
_c B. L. Theraja and A. K. Theraja
260 _aNew Delhi :
_bS. Chand & Company Ltd.,
_c1979
300 _aVarious pages :
_c24 cm.
650 _aElectrical Engineering
700 _aTheraja, A. K.
942 _2ddc
_cBK